00741 2200277 4500001002100000005001500021035002000036007000300056020002200059040001200081082001500093084001700108090002100125090002100146100002500167245006000192260003200252300002900284650001700313850001200330041000800342504003000350008004100380999002100421990002100442INLIS00000000003566220190703083421 a0010-0618000058ta a978-602-5621-05-5 aYOPDYOG04223a303.34 a303.34 TAM k aDEP 303.34 TAM k aCB-D.11 2018-2173 aTambunan, Toman Sony0 aKepemimpinan berbasis kecerdasan /cToman Sony Tambunan aYogyakarta :bExpert,c2018 aix, 135 halaman ;c25 cm 4aKepemimpinan aYOPDYOG0 aind aBibliografi: hlm. 129-135180605s ind  aCB-D.11/2018-217 aCB-D.11/2018-217